| 000 | 00718nam a2200205 i 4500 | ||
|---|---|---|---|
| 001 | 82421 | ||
| 003 | ES-MaACL | ||
| 005 | 20230906174653.0 | ||
| 007 | t| | ||
| 008 | 041110s1967 sp ||||1| spa d | ||
| 245 | 0 | 0 |
_aFantasía y realidad _b: selección literaria vasca / _cPierre Lafitte, Jean Barbier ; [de Piarres Ibarrat y Charles Becas] ; traducción de textos por I.J. Goikoetxea. |
| 260 |
_aSan Sebastián : _bAuñamendi, _c[1967] |
||
| 300 |
_a172 p., 4 lám. ; _c18 cm. |
||
| 700 | 1 |
_aLafitte, Pierre. _969495 |
|
| 700 | 1 |
_aBarbier, Jean. _925455 |
|
| 700 | 1 |
_aGoicoechea, I. J. _957608 |
|
| 700 | 1 |
_aIbarrat, Piarres. _964969 |
|
| 700 | 1 |
_aBecas, Charles. _926866 |
|
| 852 |
_aES-MaACL _jC-33662 _bR.63609 |
||
| 999 |
_c82421 _d82421 |
||